Statistics for Most Visited Websites in the US

Click here to take the quiz!

General Stats

  • This quiz has been taken 75 times
    (57 since last reset)
  • The average score is 19 of 100

Answer Stats

NumberAnswer% Correct
1Google
98%
3Facebook
92%
2YouTube
88%
10Twitter
79%
13Instagram
73%
4Amazon
71%
31TikTok
63%
8Yahoo!
63%
41Netflix
58%
21eBay
56%
5Apple
54%
9Pornhub
54%
42redd.it
54%
6Reddit
54%
7Wikipedia
54%
30CNN
52%
11Bing
50%
36Microsoft
46%
16Walmart
46%
39ESPN
44%
72MSN
44%
51Hulu
38%
20New York Times
38%
45Fox News
35%
63Spotify
35%
12xvideos
35%
18LinkedIn
27%
22Twitch
27%
53Discord
25%
49Target
25%
86AOL
21%
55Pinterest
21%
25Quora
21%
61Tumblr
19%
88Uber
17%
44Home Depot
15%
27IMDb
15%
14Paypal
15%
19weather.com
15%
52Craigslist
13%
32Etsy
13%
50Zoom
13%
97CVS
10%
60Doordash
10%
82Lowes
10%
91Wells Fargo
10%
64Yelp
8%
92Accuweather
6%
65Best Buy
6%
56Chase
6%
23Indeed
6%
37live.com
6%
29xhamster.com
6%
38Zillow
6%
85Chaturbate
4%
66FedEx
4%
59Imgur
4%
79NY Post
4%
47Only Fans
4%
94Patreon
4%
48Quizlet
4%
76Shein
4%
75UPS
4%
28USPS
4%
80WebMD
4%
69Wordpress
4%
26xnxx.com
4%
78Adobe
2%
70Blogspot
2%
34duckduckgo.com
2%
15fandom.com
2%
62Github
2%
24spankbang.com
2%
87Xfinity
2%
81Affirm
0%
93alchemer.com
0%
74AT&T
0%
77Capital One
0%
100Credit Karma
0%
84dailymail.co.uk
0%
96Force
0%
99gimbal.com
0%
54Healthline
0%
43Instructure
0%
46Intuit
0%
40jpost.com
0%
89mangadex.org
0%
71mangago.me
0%
57mangakakalot.com
0%
17Microsoft Online
0%
73NIH
0%
35office.com
0%
83Realtor
0%
90sharepoint.com
0%
67stackoverflow.com
0%
95Survey Monkey
0%
33tapresearch.com
0%
98theoremreach.com
0%
68T-Mobile
0%
58Wikimedia
0%

Score Distribution

Percentile by Number Answered

Percent of People with Each Score

Your Score History

You have not taken this quiz since the last reset